Личные и имущественные документы И. Н. и П. А. Философовых

RUSMARC
00003961cmc2a22002052x 450
0014a2d8520-e703-4df9-8574-2b1b43e87cba
00520240411152304.0
100##$a20190924l17651911k l0rusy0189 ca
1010#$arus
102##$aRU
2001#$aЛичные и имущественные документы И. Н. и П. А. Философовых
$j1765-1911 гг.
215##$a262 единицы хранения
251##$cОпись
327##$aВ описи представлены материалы И. Н. и П. А. Философовых: личные и имущественные документы, переписка с родственниками и другими лицами
371##$aДокумент не является опубликованным и широко распространяемым
461#0$10014fc847ca-d34a-4b82-9778-496e935fadfb
$12001
$aФилософов Алексей Илларионович (1799-1874), генерал-адъютант, воспитатель великих князей Николая и Михаила Николаевичей, временный военный губернатор Петербурга
$vОп. 3
$1251
$cФонд
$1852
$j1075
801#0$aRU
$bРГИА
$c20190924
801#1$aRU
$bГлавНИВЦ
$c20190924
$2rusmarc
801#2$aRU
$bПБ им. Б.Н. Ельцина
$c20200611
$gRCR
$2rusmarc
850##$aФедеральное казенное учреждение "Российский государственный исторический архив"
852##$aРГИА
$j3
937##$hРГИА
$d12330384
$aASBIBLIO_SCAN
035##$aRusGRCC00000003
856##$uhttp://readingroom.main.prlib.ru/item.aspx?id_node=n145346986&mode=full
1222#$ad1765######
$ad1911######
300##$aОпись состоит из четырех разделов: I. Материалы Философовых по хозйственным вопросам (25 ех) ; II. Личные и служебные материалы Философовых (11 ех) ; III. Письма разных лиц Никите Егоровичу Философову (?-1779) (5 ех) ; IV. Письма разных лиц Иллариону Никитичу (не позднее 1779 г. - конец 1830-х гг.) и Пелагее Алексеевне (урожд. Барыковой) Философовым (123 ех)
300##$aНазвание описи на сайте РГИА: 1765-1911 гг.
5171#$a1765-1911 гг.
Фонд Философов Алексей Илларионович (1799-1874), генерал-адъютант, воспитатель великих князей Николая и Михаила Николаевичей, временный военный губернатор Петербурга
Формат отображения